000 00748nas a2200241 4500
001 BR0706871
003 BR-BrBNA
005 20231205111323.0
007 ta
008 230509b bl.|||p| |||| 00| 00por d
040 _aBR-BrBNA
_bpor
_cBiblioteca Nacional de Agricultura
041 _a(Pt)
072 _aE21
100 1 _aD' alkaine, C.V.
100 1 _aManechini, M.A.
245 1 _aAplicação do modelo de migração iônica em meio contínuo para os filmes de óxido de alumínio barreira e poroso
650 _aÓXIDO
650 _aOXIDAÇÃO
650 _aALUMÍNIO
773 0 _tUNIMAR Ciências (Brazil)
_xISSN 1415-1642
_g(1997), v. 6(1) p. 83-85
_wBR0706871
909 _a202311
_bLúcia
_c55
_dLúcia Elande
942 _2AGRIS
_n0
_cANA
999 _c192026
_d192026